| Tag |
First Indicator |
Second Indicator |
Subfields |
| LEADER |
00000cam a2200000 i 4500 |
| 001 |
in00000058091 |
| 005 |
20151008050959.0 |
| 008 |
790710s1978 enka b 00110 eng |
| 010 |
|
|
|a 79307672
|
| 015 |
|
|
|a GB78-30560
|
| 020 |
|
|
|a 0340226323 :
|c 0.95
|
| 035 |
|
|
|a (OCoLC)05288683
|
| 035 |
|
|
|9 AAG4754AM
|
| 040 |
|
|
|a DLC
|c DLC
|d TXA
|d UtOrBLW
|
| 049 |
|
|
|a TXAM
|c [1191506]
|
| 050 |
0 |
0 |
|a RJ496.A5
|b M54 1978
|
| 082 |
0 |
|
|a 371.9/14
|
| 100 |
1 |
|
|a Miles, T. R.
|q (Thomas Richard)
|
| 245 |
1 |
0 |
|a Understanding dyslexia /
|c [by] T. R. Miles ; foreword by Oliver Zangwill.
|
| 250 |
|
|
|a [New ed.].
|
| 264 |
|
1 |
|a Sevenoaks :
|b Teach Yourself Books,
|c 1978.
|
| 300 |
|
|
|a 125 pages :
|b illustrations ;
|c 18 cm.
|
| 336 |
|
|
|a text
|b txt
|2 rdacontent
|
| 337 |
|
|
|a unmediated
|b n
|2 rdamedia
|
| 338 |
|
|
|a volume
|b nc
|2 rdacarrier
|
| 490 |
1 |
|
|a Teach yourself books
|
| 500 |
|
|
|a Previous edition published under title: The dyslexic child.
|
| 504 |
|
|
|a Includes bibliographies and indexes.
|
| 650 |
|
0 |
|a Dyslexia.
|
| 650 |
|
0 |
|a Communicative disorders in children.
|
| 830 |
|
0 |
|a Teach yourself books.
|
| 999 |
|
|
|a MARS
|
| 999 |
f |
f |
|s c47a5464-b1d3-3619-ac99-7b5f1e4c766a
|i 10239532-e25a-3cc3-a104-5ac7c043d393
|t 0
|
| 952 |
f |
f |
|p ric
|a Texas A&M University
|b Rellis Campus
|c Joint Library Facility
|d Remote Storage
|t 0
|e RJ496.A5 M54 1978
|h Library of Congress classification
|i unmediated -- volume
|m A14805144911
|
| 998 |
f |
f |
|a RJ496.A5 M54 1978
|t 0
|l Remote Storage
|